00420nam a2200181Ia 4500008004100000020001800041050001400059100001000073245003800083245002300121260001500144260001600159260000900175300001600184300002000200300001000220500000800230170918s9999 xx 000 0 und d a9780439806923 bK692 2014 aKnife aCaptain Fact dinosaur adventure / cby Knife & Packer. aNew York : bScholastic, c2004 a102 pages : billustrations : c20cm. a750